000 00326cam a2200145ua 4500
041 _amal
_h
082 _a894.8122
_bANT/MU
100 _aAntony, P J .
245 _aMunthicharil kannuneer /
_cP J Antony.
_hTextual Documents
250 _a1 /
_b.
300 _a114 ; .
504 _a
942 _cBK
999 _c11616
_d11616